Velká Británie, Irsko a státy Beneluxu
Gespeichert in:
| Format: | Buch |
|---|---|
| Sprache: | Tschechisch |
| Veröffentlicht: |
Praha
Kartografické nakladateství
1967
|
| Schriftenreihe: | Soubor map "Poznávame svět"
|
| Tags: |
Keine Tags, Fügen Sie das erste Tag hinzu!
|
MARC
| LEADER | 00000nam a2200000 4500 | ||
|---|---|---|---|
| 001 | c122494 | ||
| 005 | 20250515084524.2 | ||
| 041 | 0 | |a cze | |
| 044 | |a CZ | ||
| 245 | 1 | 0 | |a Velká Británie, Irsko a státy Beneluxu |
| 264 | 1 | |a Praha |b Kartografické nakladateství |c 1967 | |
| 300 | |a 61 s. |e mapy 1:4500000 Hospod. přehled + mapy 1:9000000 Polit. přehl. | ||
| 490 | 1 | |a Soubor map "Poznávame svět" | |
| 830 | 0 | |a Soubor map "Poznávame svět" | |